000 00383nam a2200145 4500
020 _a9781849200929
040 _cNUST
082 _a519.5
_bFIE
100 _aField, Andy
_968139
110 _aMiles , Jeremy
_9123099
245 _aDiscovering Statistics Using Sas
260 _aLos Angeles:
_bSAGA,
_c2010.
650 _aDiscovering Statistics Using Sas
_9123100
942 _2ddc
_cBK
999 _c609407
_d609407